000
00303nam a2200121Ia 4500
008
230303s9999 xx 000 0 und d
041
_a
eng
082
_a
621.38132 GHO
100
_a
Kishore ( k. Lal )
245
_a
Electronics Measurements and Instrumentation
260
_a
ND
_b
pearson
365
_c
RS
999
_c
185743
_d
185743